| 000 | 00451nam a2200121Ia 4500 | ||
|---|---|---|---|
| 008 | 170221s9999 xx 000 0 und d | ||
| 245 | _aReporting and Reparations: News Coverage and the Decision to Compensate the Forcefully Sterilized in North Carolina | ||
| 260 | _bStudies in Media and Communication | ||
| 260 | _c2012 | ||
| 650 | _xCommunication | ||
| 650 | _xMedia Arts | ||
| 856 | _uhttp://redfame.com/journal/index.php/smc/article/view/2075/2234 | ||
| 999 |
_c310521 _d310521 |
||